Gaming Quiz

Random Gaming or Pokémon Quiz

Pokémon: Click 'em All! Quiz Stats

 Plays Quiz Updated Jul 28, 2018

Challenge
Share
Tweet
Score 0/13 Timer 01:30
4 Plays Today
% Correct
???
67.7%
???
62%
???
58.3%
???
55.3%
???
50.8%
???
49.7%
???
41.3%
???
41.2%
???
39.8%
???
38.1%
???
37.3%
???
34.6%
???
33.6%

You're not logged in!

Compare scores with friends on all Sporcle quizzes.
Join for Free
OR
Log In

You Might Also Like...

Show Comments

Extras

Top Quizzes Today


Score Distribution

Your Account Isn't Verified!

In order to create a playlist on Sporcle, you need to verify the email address you used during registration. Go to your Sporcle Settings to finish the process.

Report this User

Report this user for behavior that violates our Community Guidelines.

Details: